[Event "Gran Canaria-ch U10 Girls"]
[Site "Gran Canaria"]
[Date "2013.03.09"]
[Round "4.1"]
[White "Monzon Pena, Ana"]
[Black "Serrano Delgado, Laura"]
[Result "0-1"]
[WhiteElo "1200"]
[BlackElo "1229"]
[PlyCount "75"]
[EventDate "2013.03.08"]
[EventType "swiss"]
[EventRounds "7"]
[EventCountry "ESP"]
[SourceTitle "EXT 2024"]
[Source "ChessBase"]
[SourceDate "2023.10.10"]
[SourceVersion "1"]
[SourceVersionDate "2023.10.10"]
[SourceQuality "1"]

1. e4 e5 2. Nf3 Nc6 3. Bc4 Bb4 4. 0-0 Nf6 5. Nc3 0-0 6. d3 d6 7. Bg5 Bg4 8. Nd5 Nd4 9. Nxf6+ Kh8 10. Nxg4 Qe8 11. Nxd4 exd4 12. a3 Bc5 13. b4 Bb6 14. Bd5 c6 15. Bc4 Bd8 16. a4 Bxg5 17. b5 a6 18. bxc6 bxc6 19. Rb1 Rd8 20. Bxa6 d5 21. exd5 Rxd5 22. Bc4 Re5 23. Nxe5 Qxe5 24. Re1 Qf4 25. Qe2 h6 26. Qe4 Qc7 27. Qxd4 c5 28. Qe4 Qc8 29. d4 Re8 30. Qxe8+ Qxe8 31. Rxe8+ Kh7 32. Bd3+ g6 33. Bxg6+ Kxg6 34. Rb6+ Kh5 35. dxc5 f5 36. Rg8 Bf4 37. Rb3 Kh4 38. Rh3# 0-1